LEADER 00948nam a2200265 i 4500 001 991000487019707536 005 20020506131105.0 008 000908s1964 it ||| | ita 035 $ab10707645-39ule_inst 035 $aEXGIL146548$9ExL 040 $aBiblioteca Interfacoltà$bita 082 0 $a155.282 100 1 $aKlages, Ludwig$0298116 245 10$aValori e limiti della grafopsicologia /$cLudwig Klages ; introduzione, traduzione e note a cura di Giovanni Varni 260 $aMilano :$bMursia,$c1964 300 $a120 p. 440 3$aIl cammino ;$v3 650 4$aGrafologia 700 1 $aVarni, Giovanni 907 $a.b10707645$b02-04-14$c28-06-02 912 $a991000487019707536 945 $aLE002 Ps. I D 34$g1$i2002000552280$lle002$o-$pE0.00$q-$rl$s- $t0$u1$v0$w1$x0$y.i10803269$z28-06-02 996 $aValori e limiti della grafopsicologia$9912257 997 $aUNISALENTO 998 $ale002$b01-01-00$cm$da $e-$fita$git $h0$i1